| 000 | 00950pam a2200265 a 4500 | ||
|---|---|---|---|
| 999 |
_c2854 _d2854 |
||
| 001 | 1979113 | ||
| 003 | GBCCL | ||
| 005 | 20241126110441.0 | ||
| 008 | 890215s1989 caua bf 000 0 eng | ||
| 010 | _a 89001969 | ||
| 020 |
_a0830712712 _c$5.95 |
||
| 040 |
_aDLC _cDLC _dDLC |
||
| 050 | 0 | 0 |
_aBV1475.2 _b.H39 1989 |
| 082 | 0 | 0 |
_a268.432 _219 _bBOL |
| 100 | 1 |
_aBolton, Barbara _96487 |
|
| 245 | 1 | 0 |
_aEverything you want to know about teaching young children : _bgrades 1-6 / _cBabara Bolton, Charles T Smith and Wesley Haystead. |
| 260 |
_aVentura, Calif., U.S.A. : _bGospel Light Publications, _cc1987. |
||
| 300 |
_a238 p. : _bill. ; _c21 cm. |
||
| 490 | 0 | _aCreative Bible learning series | |
| 504 | _aIncludes bibliographical references (p. 232). | ||
| 650 | 0 |
_aChristian education of children _xHandbooks, manuals, etc. _95985 |
|
| 740 | 0 | _aTeaching young children. | |
| 906 |
_a7 _bcbc _corignew _d1 _eocip _f19 _gy-gencatlg |
||
| 942 |
_2ddc _cBK _047 |
||